Hans Kelsen: vida y obra

Sábháilte in:
Sonraí bibleagrafaíochta
Príomhchruthaitheoir: Aladár Métall, Rudolf (Údar)
Formáid: LEABHAR
Teanga:Spáinnis
Foilsithe / Cruthaithe: Ciudad de México UNAM 1976
Ábhair:
Clibeanna: Cuir clib leis
Níl clibeanna ann, Bí ar an gcéad duine le clib a chur leis an taifead seo!

MARC

LEADER 00000nam a2200000 a 4500
001 UCS8781
003 CL-VaPUC
008 971107e19760000MX |||||||||||||||||spa|d
082 0 4 |a 340.092  |b ALA  |2 21 
100 0 |a Aladár Métall, Rudolf  |e author  |9 393578 
245 1 0 |a Hans Kelsen: vida y obra 
300 |a 128 p 
942 |c BK 
945 |d 19971107 00:00:00  |a aolguin 
260 |a Ciudad de México  |b UNAM  |c 1976 
650 0 |a Pensamiento jurídico  |9 255517 
650 0 |a Biografías  |9 255210 
650 0 |a Filosofía del derecho   |9 255050 
650 0 |a Crítica  |9 373015 
651 7 |a KELSEN, HANS  |2 CL-VaPUC  |9 393579 
583 |a last modification  |c 19971107 00:00:00  |k Rodrigo Vera 
999 |c 262990  |d 262988 
952 |0 0  |1 0  |4 0  |6 340_092000000000000_ALA_1976  |7 0  |8 DER_TF  |9 292064  |a BIBDER  |b BIBDER  |d 2019-11-19  |i 1897829  |l 1  |o 340.092 ALA 1976  |p 1897829  |r 2023-01-25  |s 2020-03-16  |w 2019-11-19  |x Ubicación 4to Piso  |y BK  |z Estos recursos deben solicitarse con anticipación  |k DER